| Tag |
First Indicator |
Second Indicator |
Subfields |
| LEADER |
00000cam a2200000 a 4500 |
| 001 |
in00000013614 |
| 005 |
20151007052522.0 |
| 008 |
860922s1987 enkaf b 00110 eng |
| 010 |
|
|
|a 86026353
|
| 020 |
|
|
|a 0412257106
|
| 035 |
|
|
|a (OCoLC)14356106
|
| 035 |
|
|
|9 AAA8106AM
|
| 040 |
|
|
|a DLC
|c DLC
|d TXA
|d UtOrBLW
|
| 049 |
|
|
|a TXAM
|c [A11050188]
|
| 050 |
0 |
0 |
|a QD381.9.O66
|b S29 1987
|
| 082 |
0 |
|
|a 620.1/9204295
|2 19
|
| 100 |
1 |
|
|a Sawyer, Linda C.,
|d 1944-
|
| 245 |
1 |
0 |
|a Polymer microscopy /
|c Linda C. Sawyer and David T. Grubb.
|
| 264 |
|
1 |
|a London ;
|a New York :
|b Chapman and Hall,
|c 1987.
|
| 300 |
|
|
|a xii, 303 pages, 4 unnumbered pages of color plates :
|b illustrations ;
|c 26 cm.
|
| 336 |
|
|
|a text
|b txt
|2 rdacontent
|
| 337 |
|
|
|a unmediated
|b n
|2 rdamedia
|
| 338 |
|
|
|a volume
|b nc
|2 rdacarrier
|
| 504 |
|
|
|a Includes bibliographies and index.
|
| 650 |
|
0 |
|a Polymers
|x Optical properties.
|
| 650 |
|
0 |
|a Polymers
|x Surfaces.
|
| 650 |
|
0 |
|a Polymerization
|x Surfaces.
|
| 650 |
|
0 |
|a Microscopy
|x Technique.
|
| 700 |
1 |
|
|a Grubb, David T.,
|d 1945-
|
| 999 |
|
|
|a MARS
|
| 999 |
f |
f |
|s 8db1fa12-5db1-31d0-8ff9-4e1092233463
|i 403c3972-fef2-3b77-a132-0911f1ab8d6f
|t 0
|
| 952 |
f |
f |
|p normal
|a Texas A&M University
|b College Station
|c Sterling C. Evans Library
|d Evans: Library Stacks
|t 0
|e QD381.9.O66 S29 1987
|h Library of Congress classification
|i unmediated -- volume
|m A14811050188
|
| 998 |
f |
f |
|a QD381.9.O66 S29 1987
|t 0
|l Evans: Library Stacks
|